| 000 | 00545cab a22001935a 4500 | ||
|---|---|---|---|
| 001 | L157780 | ||
| 008 | 130514e2013 xxk 000 0 eng d | ||
| 035 | _a(Sirsi) u157780 | ||
| 041 | 0 | _aeng | |
| 100 | 1 | _aLane, Thomas | |
| 245 | 0 | 4 |
_aThe green deal part 4 _bzero carbon homes |
| 260 | _c2013 | ||
| 490 |
_aBuilding _v(278) 8 February 2013, 40-44(5) |
||
| 520 | _aPart 4 of the Green Deal series. Examines 3 examples of low and zero carbon housing. | ||
| 590 | _aKA | ||
| 651 | 4 |
_aUnited Kingdom _y |
|
| 690 | _aZero Carbon | ||
| 942 | _n0 | ||
| 999 |
_c84463 _d84463 |
||